Culture Générale #10 - Statistiques

Statistiques générales
  • Ce quiz a été pris 257 fois
    84 depuis la dernière actualisation
  • Le résultat moyen est 12 sur 20
Statistiques - réponses
Questions Réponses % Correct
Quelle profession est concernée par le serment d'Hippocrate ? Médecin
90%
Quel est le résultat de cette opération mathématique : (10+5x2)-6 ? 14
87%
Quel genre d'animal est le silure ? un Poisson
87%
De quel pays Tirana est-elle la capitale ? Albanie
77%
Quelle est la race de Bill, le chien de Boule dans la bande dessinée ? Cocker
77%
Quel est le nouveau nom de la Perse depuis 1934 ? l’Iran
75%
Quelle pourcentage de la surface de la Terre est recouverte d’eau ? 70%
74%
Comment appelle t'on un mot pouvant se lire dans les deux sens ? Palindrome
74%
Quel est le numéro de téléphone d'urgence qui fonctionne dans toute l'Union européenne ? 112
70%
Qui était surnommé "l'Incorruptible" sous la Révolution ? Maximilien de Robespierre
67%
Quel était le titre de noblesse de La Fayette ? Marquis
57%
Quel chevalier de la Table ronde est également appelé "le Gallois" ? Perceval
52%
Quel boys-band à interprété le titre "What makes you beautiful" à la cérémonie de clôture des Jeux Olympiques de 2012 ? One Direction
49%
Qui a remplacé Dominique Strauss-Kahn à la tête du FMI en 2011 ? Christine Lagarde
42%
Quel nom porte le siège de la police londonienne ? Scotland Yard
41%
Aux USA, quelle est la principale base de lancement d'engins spatiaux ? Cap Canaveral
38%
Comment s’appellent les statues géantes de l’île de Pâques ? Moaï
38%
À quel écrivain doit-on le livre "Mémoires d'outre-tombe" ? François-René de Chateaubriand
36%
Dans quelle ville se déroulait l'intrigue de la série Les Experts ? Las Vegas
29%
Quelle est la date de l'abolition de l'esclavage aux États-Unis ? 1865
26%
Aucun quiz correspondant
Distribution des résultats
% des personnes avec chaque résultat
Percentile par nombre de réponses
Votre historique - résultats
Vous n’avez pas pris ce quiz depuis la dernière actualisation